Old Testament Books by Division Quiz Stats

Quiz Updated Sep 25, 2015

Challenge
Share
Tweet
Embed
Score 0/39 Timer 07:00
0 Plays Today
% Correct
2 Kings
90.7%
1 Kings
90.4%
2 Chronicles
90.2%
1 Chronicles
89.9%
1 Samuel
88.6%
2 Samuel
87.9%
Psalms
82.4%
Proverbs
81.9%
Deuteronomy
80.4%
Song of Solomon
78.8%
Leviticus
78%
Micah
77.7%
Isaiah
77%
Exodus
76.4%
Numbers
75.8%
Malachi
74.8%
Genesis
73.8%
Nahum
72.8%
Joel
72.6%
Jeremiah
71%
% Correct
Hosea
70.7%
Haggai
69.6%
Amos
69.5%
Judges
69.3%
Obadiah
69.1%
Habakkuk
67.7%
Ezekiel
66.8%
Zechariah
66.8%
Zephaniah
66.1%
Ecclesiastes
66.1%
Jonah
65.2%
Daniel
65.2%
Esther
61.5%
Joshua
60.8%
Ruth
58.9%
Ezra
45.6%
Nehemiah
41.4%
Job
39.4%
Lamentations
26.1%

You're not logged in!

Compare scores with friends on all Sporcle quizzes.
Sign Up with Email
OR
Log In

You Might Also Like...

Show Comments

Extras

Top Quizzes Today


Score Distribution

Your Account Isn't Verified!

In order to create a playlist on Sporcle, you need to verify the email address you used during registration. Go to your Sporcle Settings to finish the process.